Farm Management, (Record no. 5310)

MARC details
005 - DATE AND TIME OF LATEST TRANSACTION
control field 20250626122111.0
020 ## - INTERNATIONAL STANDARD BOOK NUMBER
International Standard Book Number 13: 978-0-07-242868-1
082 ## - DEWEY DECIMAL CLASSIFICATION NUMBER
Classification number 630.68 KAY
100 ## - MAIN ENTRY--PERSONAL NAME
Author name KAY, R.D.
245 ## - TITLE STATEMENT
Title Farm Management,
250 ## - EDITION STATEMENT
Edition statement 5th Ed.
260 ## - PUBLICATION, DISTRIBUTION, ETC.
Place of publication, distribution, etc. New York,
Name of publisher, distributor, etc. McGraw-Hill Irwin,
Date of publication, distribution, etc. 2004.
300 ## - PHYSICAL DESCRIPTION
Extent xii,; 445p: ill.; figure, picture,
Other physical details Glossary & Index,
Dimensions 24cm.
700 ## - ADDED ENTRY--PERSONAL NAME
Other authors/Editors EDWARDS, W.M. DUFFY, P.A.
942 ## - ADDED ENTRY ELEMENTS (KOHA)
Source of classification or shelving scheme Dewey Decimal Classification
Koha item type Books
Holdings
Date last seen Total checkouts Full call number Barcode Cost, replacement price Price effective from Koha item type Lost status Source of classification or shelving scheme Damaged status Not for loan Withdrawn status Home library Current library Shelving location Date acquired Cost, normal purchase price
06/26/2025   630.68 KAY DOM0001218 135000.00 06/26/2025 Books   Dewey Decimal Classification       CBE Dodoma CBE Dodoma General Collection 06/26/2006 45000.00
06/26/2025   630.68 KAY DOM0001219 135000.00 06/26/2025 Books   Dewey Decimal Classification       CBE Dodoma CBE Dodoma General Collection 06/26/2006 45000.00
06/26/2025   630.68 KAY DOM0001224 135000.00 06/26/2025 Books   Dewey Decimal Classification       CBE Dodoma CBE Dodoma General Collection 06/26/2006 45000.00